| 000 | 00666nam a22002057a 4500 | ||
|---|---|---|---|
| 003 | OSt | ||
| 005 | 20260203083017.0 | ||
| 008 | 260203b |||||||| |||| 00| 0 eng d | ||
| 020 | _a0-07-125327-0. | ||
| 040 |
_aDWC-Main lib. _cOC |
||
| 082 |
_22nd ed., International ed _aCirc. 530 G432c 2007 |
||
| 100 | _aGiambatista, Alan | ||
| 245 |
_aCollege Physics/ _cAlan Giambatista |
||
| 260 |
_aNew York : _bMcGraw-Hill, _cc2007. |
||
| 300 |
_axxxii, various pagination : _billustration ; _c23 cm. |
||
| 650 | _a1. Physics. | ||
| 700 | _aRichardson, Robert C. | ||
| 760 | _b2nd ed., International ed | ||
| 942 |
_2ddc _cBK-CIRC _e2nd ed., International ed _hCirc. _n0 |
||
| 999 |
_c8220 _d8220 |
||